书目信息 |
| 题名: |
善待自己II
|
|
| 作者: | 艾伯斯坦, 著 ;丁丁 译 | |
| 分册: | ||
| 出版信息: | 哈尔滨 哈尔滨出版社 2005.04 |
|
| 页数: | 221页 | |
| 开本: | 26cm | |
| 丛书名: | 心灯系列 | |
| 单 册: | ||
| 中图分类: | B821-49 | |
| 科图分类: | ||
| 主题词: | 人生观--Ren Sheng Guan--通俗读物 | |
| 电子资源: | ||
| ISBN: | 7-80639-856-2 | |
| 000 | 01113nam 2200289 450 | |
| 001 | CAL 012005074393 | |
| 005 | 20061120162446.93 | |
| 010 | @a7-80639-856-2@dCNY 26.80 | |
| 099 | @aCAL 012005074393 | |
| 100 | @a20050624d2005 em y0chiy0121 ea | |
| 101 | 1 | @achi@ceng |
| 102 | @aCN@b230000 | |
| 200 | 1 | @a善待自己II@AShan Dai Zi Ji II@d= How to have more loe in your life@e跨越四季的174个爱的体验@f(美) 艾伦·艾伯斯坦著@g丁丁译@zeng |
| 205 | @a第2版 | |
| 210 | @a哈尔滨@c哈尔滨出版社@d2005.04 | |
| 215 | @a221页@c图@d26cm | |
| 225 | 2 | @a心灯系列@AXin Deng Xi Lie |
| 314 | @a艾伦·艾伯斯坦,纽约大学博士,职业人际关系顾问和人际关系研讨会主持人,经常在全美进行巡回演讲。主要著作有《善待自己》、《善待自己II》。 | |
| 410 | 0 | @12001 @a心灯系列 |
| 510 | 1 | @aHow to have more love in your life@zeng |
| 517 | 1 | @a跨越四季的174个爱的体验@Akua yue si ji de 174 ge ai de ti yan |
| 606 | 0 | @a人生观@ARen Sheng Guan@j通俗读物 |
| 690 | @aB821-49@v4 | |
| 701 | 1 | @a艾伯斯坦,@AAi Bo Si Tan,@bA.@g(Epstein, Alan)@4著 |
| 702 | 0 | @a丁丁@Ading ding@4译 |
| 801 | 0 | @aCN@c20061120 |
| 905 | @a10447@dB821-49@eA360:2 | |
| 善待自己II= How to have more loe in your life:跨越四季的174个爱的体验/(美) 艾伦·艾伯斯坦著/丁丁译.-第2版.-哈尔滨:哈尔滨出版社,2005.04 |
| 221页:图;26cm.-(心灯系列) |
| ISBN 7-80639-856-2:CNY 26.80 |
| ● |
| 相关链接 |
|
|
|
正题名:善待自己II
索取号:B821-49/A360:2
 
预约/预借
| 序号 | 登录号 | 条形码 | 馆藏地/架位号 | 状态 | 备注 |
| 1 | 603012 | 206030123 | 社科库509/509社科库 24排2列4层/ [索取号:B821-49/A360:2] | 在馆 | |
| 2 | 603013 | 206030132 | 社科库509/ [索取号:B821-49/A360:2] | 在馆 | |
| 3 | 603014 | 206030141 | 社科库509/509社科库 24排2列4层/ [索取号:B821-49/A360:2] | 在馆 | |
| 4 | 611611 | 206116111 | 社科库509/ [索取号:B821-49/A360:2] | 在馆 | |
| 5 | 611612 | 206116120 | 社科库509/509社科库 24排2列4层/ [索取号:B821-49/A360:2] | 在馆 | |
| 6 | 611613 | 206116139 | 社科库509/509社科库 24排2列4层/ [索取号:B821-49/A360:2] | 在馆 |